000 00293nam a22001337a 4500
008 170906b xxu||||| |||| 00| 0 eng d
020 _a9780132285919
041 _aeng
080 _24ND
_a72
100 _a41
101 _aARK
245 _aCARPENTRY FUNDAMENTALS
_cWHYTE,D
942 _2udc
_cBK
999 _c26294
_d26294